Escudos de las ciudades de Colombia - Estadísticas

Estadísticas generales
  • Esta prueba ha sido intentada 19 veces
  • La puntuación promedio es 14 de 32
Estadísticas de respuestas
Imagen Respuesta % Correcto
Bogotá, D. C.
94%
Cartagena
88%
Medellín
88%
Barranquilla
76%
Florencia
71%
Leticia
65%
Manizales
65%
Tunja
65%
Valledupar
59%
Pasto
53%
San Andrés
53%
Ibagué
47%
Villavicencio
47%
Arauca
41%
Cali
41%
Cúcuta
41%
Riohacha
41%
Yopal
41%
Armenia
35%
Neiva
35%
Santa Marta
29%
Bucaramanga
24%
Mitú
24%
Pereira
24%
Popayán
24%
Inírida
18%
Montería
18%
Quibdó
18%
San José del Guaviare
18%
Mocoa
12%
Puerto Carreño
12%
Sincelejo
12%
No se encontraron pruebas coincidentes
Distribución de puntuación
Porcentaje de gente con cada puntuación
Porcentaje por número respondido
Historial de tus puntuaciones
No has intentado esta prueba.